[Event "Turtle Speed # 14"]
[Site "SchemingMind.com"]
[Date "2008.12.18"]
[Round "-"]
[White "Kobiahshi"]
[Black "AycaguerMarcel"]
[Result "0-1"]
[WhiteCountry "USA"]
[BlackCountry "URU"]
[WhiteElo "1616"]
[WhiteRD "67"]
[BlackElo "1532"]
[BlackRD "77"]
[GameID "184119"]

1. d4 e6 2. c4 d5 3. Nc3 Nf6 4. cxd5 exd5 5. Bg5 c6 6. e3 Be7 7. Bd3 O-O 8. Qc2 h6 9. Bh4 Be6 10. Nf3 Nbd7
11. O-O Rc8 12. a3 c5 13. dxc5 Nxc5 14. Be2 a6 15. Qd1 Nfe4 16. Bxe7 Qxe7 17. Rc1 Rfd8 18. Nxe4 dxe4 19. Nd4 b5 20. Qe1 Nb3
21. Nxb3 Bxb3 22. Rxc8 Rxc8 23. Qb4 Qe6 24. Qd4 Rc2 25. Qd8+ Kh7 26. Re1 f5 27. g3 Rxb2 28. Qd4 Rc2 29. Kg2 g5 30. Bh5 Qe7
31. Qb6 Bf7 32. Bd1 Rc1 33. Qxa6 f4 34. Qxb5 f3+ 35. Kf1 Bc4+
0-1

[Event "Turtle Speed # 14"]
[Site "SchemingMind.com"]
[Date "2008.12.18"]
[Round "-"]
[White "AycaguerMarcel"]
[Black "Kobiahshi"]
[Result "0-1"]
[WhiteCountry "URU"]
[BlackCountry "USA"]
[WhiteElo "1627"]
[WhiteRD "71"]
[BlackElo "1600"]
[BlackRD "73"]
[GameID "184120"]

1. d4 Nf6 2. c4 Nc6 3. d5 Ne5 4. Nc3 e6 5. e4 Bb4 6. f3 O-O 7. h4 d6 8. Be2 c6 9. f4 Nxe4 10. Qc2 Ng3
11. Rh3 Nxe2 12. Nxe2 Ng4 13. h5 Qf6 14. Bd2 e5 15. Rf3 Qh4+ 16. Ng3 Nh2 17. Rd3 exf4 18. Rd4 Qxg3+ 19. Kd1 Bg4+ 20. Kc1 Bxh5
21. Bxf4 Qe1+ 22. Nd1 Bg6
0-1

[Event "Turtle Speed # 14"]
[Site "SchemingMind.com"]
[Date "2008.12.18"]
[Round "-"]
[White "adamsrichg"]
[Black "Kobiahshi"]
[Result "1/2-1/2"]
[WhiteCountry "USA"]
[BlackCountry "USA"]
[WhiteElo "1914"]
[WhiteRD "78"]
[BlackElo "1654"]
[BlackRD "68"]
[GameID "184205"]

1. e4 c5 2. Nc3 e6 3. f4 d5 4. exd5 exd5 5. Bb5+ Nc6 6. Bxc6+ bxc6 7. Nf3 Bd6 8. d3 Nf6 9. O-O O-O 10. Bd2 Bb7
11. Qe1 d4 12. Ne4 Nxe4 13. dxe4 Re8 14. e5 Be7 15. Qg3 d3 16. c4 Bc8 17. b3 Bf5 18. Rad1 h5 19. Ng5 Qd4+ 20. Be3 h4
21. Qf2 Qd7 22. Qxh4 a5 23. Qf2 Rad8 24. Rd2 Bxg5 25. fxg5 Rxe5 26. Bf4 Re2 27. Rxe2 dxe2 28. Qxe2 Bd3 29. Qf2 Bxf1 30. Kxf1 Qd1+
31. Qe1 Qxe1+ 32. Kxe1 Rd4 33. Be3 Re4 34. Ke2 Kh7 35. Kf3 Re8 36. Bxc5 Re5 37. Be3 Re8 38. h4 Kg6 39. g4 Ra8 40. h5+ Kh7
41. Ke4 Rd8 42. Bb6 Rd2 43. Bxa5 Rxa2 44. b4 Re2+ 45. Kf4 Rf2+ 46. Ke3 Rc2 47. c5 Rc3+= 48. Ke4 Rc1 49. Ke5 Rd1 50. Kf5 Rd5+=
1/2-1/2

[Event "Turtle Speed # 14"]
[Site "SchemingMind.com"]
[Date "2008.12.18"]
[Round "-"]
[White "adamsrichg"]
[Black "AycaguerMarcel"]
[Result "0-1"]
[WhiteCountry "USA"]
[BlackCountry "URU"]
[WhiteElo "1927"]
[WhiteRD "69"]
[BlackElo "1643"]
[BlackRD "69"]
[GameID "184206"]

1. e4 c5 2. Nc3 Nc6 3. f4 b6 4. Nf3 Bb7 5. Bb5 e6 6. d3 a6 7. Bxc6 Bxc6 8. O-O d5 9. e5 Ne7 10. Ne2 h6
11. b3 h5 12. Ng5 h4 13. d4 Qd7 14. Be3 Nf5 15. Bf2 Be7 16. Nf3 Rb8 17. h3 Nxd4 18. Nexd4 cxd4 19. Nxd4 Ba8 20. Qg4 g6
21. Rac1 Rc8 22. Nf3 Qd8 23. c4 dxc4 24. Rfd1 Qc7 25. Rxc4 Qb7 26. Rxc8+ Qxc8 27. Bxb6 Qc2 28. Ra1 Bxf3 29. Qxf3 O-O 30. Qf2 Qc6
31. Be3 Rd8 32. Rc1 Qe4 33. Re1 Bb4 34. Re2 Qb1+ 35. Kh2 Rd1 36. g4 Be1 37. Qf3 Bg3+ 38. Kg2 Rh1
0-1

[Event "Turtle Speed # 14"]
[Site "SchemingMind.com"]
[Date "2008.12.19"]
[Round "-"]
[White "Kobiahshi"]
[Black "adamsrichg"]
[Result "0-1"]
[WhiteCountry "USA"]
[BlackCountry "USA"]
[WhiteElo "1654"]
[WhiteRD "68"]
[BlackElo "1914"]
[BlackRD "78"]
[GameID "184207"]

1. e4 c5 2. c3 g6 3. d4 cxd4 4. cxd4 d5 5. e5 Bg7 6. Nc3 Nc6 7. Nf3 Bg4 8. Be2 e6 9. O-O Nge7 10. Nb5 Nf5
11. b3 a6 12. Nc3 Bxf3 13. Bxf3 Nfxd4 14. Bb2 Nxf3+ 15. Qxf3 O-O 16. Rab1 Nxe5 17. Qg3 Nd7 18. Nd1 Rc8 19. Ba3 Re8 20. Ne3 Qa5
21. Bb2 Qxa2 22. Bxg7 Kxg7 23. Qh4 Qa3 24. Qd4+ Kg8 25. Ng4 Qc5 26. Nh6+ Kf8 27. Qh8+ Ke7 28. Qxh7 Rf8 29. Qg7 Qc3 30. Qxc3 Rxc3
31. Ng4 Rfc8 32. Ne3 Nc5 33. b4 Ne4 34. Rfd1 Nd6 35. Re1 Nc4 36. Nxc4 R8xc4 37. g3 Rc2 38. Kg2 Ra2 39. Rf1 Rcc2 40. h4 Rab2
41. b5 a5 42. b6 Kf6 43. Kh3 Rxb1 44. Rxb1 Rxf2 45. Rb5 a4 46. Ra5 Rb2 47. Rxa4 Rxb6 48. Rf4+ Kg7 49. Rd4 Rb1 50. Kg2 b5
51. Kf2 b4 52. Ke2 b3 53. Kd2 Rg1 54. Kc3 Rxg3+ 55. Kb2 Kh6 56. Rf4 f5 57. Rd4 Kh5 58. Rf4 Rg4 59. Rf3 Kxh4 60. Rxb3 Rg2+
61. Ka3 Rg3
0-1

[Event "Turtle Speed # 14"]
[Site "SchemingMind.com"]
[Date "2008.12.18"]
[Round "-"]
[White "AycaguerMarcel"]
[Black "adamsrichg"]
[Result "0-1"]
[WhiteCountry "URU"]
[BlackCountry "USA"]
[WhiteElo "1643"]
[WhiteRD "69"]
[BlackElo "1927"]
[BlackRD "69"]
[GameID "184208"]

1. c4 c5 2. Nc3 g6 3. b3 Bg7 4. Bb2 Nc6 5. e3 e6 6. Nf3 Nge7 7. Be2 O-O 8. O-O d5 9. d4 cxd4 10. Nxd4 dxc4
11. bxc4 Bd7 12. Nxc6 Bxc6 13. Qb3 Nf5 14. Rad1 Qg5 15. g3 Rad8 16. Rxd8 Rxd8 17. Rd1 Rxd1+ 18. Qxd1 Qe7 19. Bf3 Bxf3 20. Qxf3 Qb4
21. e4 Nd4
0-1

[Event "Turtle Speed # 14"]
[Site "SchemingMind.com"]
[Date "2008.12.20"]
[Round "-"]
[White "Brian Acebo"]
[Black "adamsrichg"]
[Result "0-1"]
[WhiteCountry "USA"]
[BlackCountry "USA"]
[WhiteElo "1549"]
[WhiteRD "66"]
[BlackElo "1911"]
[BlackRD "71"]
[GameID "184429"]

1. d4 Nf6 2. c4 e6 3. Nc3 Bb4 4. a3 Bxc3+ 5. bxc3 b6 6. Nf3 Ba6 7. e3 Nc6 8. Bd3 Na5 9. Qa4 Qc8 10. O-O O-O
11. Nd2 c5 12. Qc2 Bb7 13. Be2 d6 14. Bd3 Qc6 15. f3 Rac8 16. Ne4 Nd7 17. Nf2 g6 18. Rb1 cxd4 19. cxd4 Nxc4 20. Bxc4 Qxc4
21. Qxc4 Rxc4 22. Rb3 Rfc8 23. Nd3 Rc3 24. Rxc3 Rxc3 25. Rd1 Nf6 26. Kf1 Ba6 27. Bb2 Rxd3 28. Rxd3 Bxd3+ 29. Kf2 Nd5 30. g4 b5
31. e4 Nb6 32. Ke3 Bb1 33. Ke2 Nc4 34. Bc1 a5 35. Kd1 Kf8 36. h4 Ke7 37. Ke2 f5 38. gxf5 gxf5 39. exf5 Bxf5 40. Bg5+ Kf7
41. Bc1 Kg6 42. f4 Bg4+ 43. Kd3 Kf5
0-1

[Event "Turtle Speed # 14"]
[Site "SchemingMind.com"]
[Date "2008.12.22"]
[Round "-"]
[White "Brian Acebo"]
[Black "Kobiahshi"]
[Result "0-1"]
[WhiteCountry "USA"]
[BlackCountry "USA"]
[WhiteElo "1591"]
[WhiteRD "67"]
[BlackElo "1661"]
[BlackRD "72"]
[GameID "184430"]

1. d4 Nf6 2. Nf3 e6 3. Nc3 c5 4. e3 cxd4 5. Nxd4 Bb4 6. Bd2 a6 7. a3 Bc5 8. Nf3 Nc6 9. Bd3 d5 10. O-O O-O
11. b4 Bd6 12. Ne2 Qc7 13. Rc1 e5 14. h3 e4 15. Bxe4 dxe4 16. Nfd4 Bh2+ 17. Kh1 Nxd4 18. Nxd4 Be5 19. Nb3 b6 20. g3 Bxh3
21. Rg1 Ng4 22. c4 Nxf2+
0-1

[Event "Turtle Speed # 14"]
[Site "SchemingMind.com"]
[Date "2008.12.20"]
[Round "-"]
[White "Brian Acebo"]
[Black "AycaguerMarcel"]
[Result "1-0"]
[WhiteCountry "USA"]
[BlackCountry "URU"]
[WhiteElo "1578"]
[WhiteRD "66"]
[BlackElo "1524"]
[BlackRD "76"]
[GameID "184431"]

1. d4 d5 2. c4 c6 3. Nf3 Nf6 4. Nc3 Bf5 5. cxd5 cxd5 6. e3 e6 7. Bd3 Nc6 8. O-O Bg4 9. h3 Bf5 10. Bxf5 exf5
11. Qc2 g6 12. a3 Rc8 13. b4 a6 14. Bd2 b5 15. Rab1 Bd6 16. Qa2 Bb8 17. a4 O-O 18. axb5 axb5 19. Nxb5 Ne4 20. Nc3 Nxc3
21. Bxc3 f6 22. Qd2 Rf7 23. Rb3 g5 24. Nh2 Bc7 25. Qd3 Bxh2+ 26. Kxh2 Qd7 27. f3 g4 28. fxg4 fxg4 29. Rf4 gxh3 30. gxh3 Kh8
31. b5 Ne7 32. Bb4 Ng6 33. Rg4 f5 34. Rg3 f4 35. exf4 Nxf4 36. Qe3 Rc2+ 37. Bd2 Qf5 38. Rf3 h5 39. Rc3 Rb2 40. Rxf4 Qxf4+
41. Qxf4 Rxf4 42. Kg3 Rxd4 43. Rc8+ Kh7 44. Bc3 h4+ 45. Kf3 Rb3 46. Ke3 Rc4 47. Rxc4 dxc4 48. Kd4 Rxb5 49. Kxc4 Rf5 50. Be1 Rf4+
51. Kd5 Kg6 52. Ke5 Kg5 53. Bd2
1-0

[Event "Turtle Speed # 14"]
[Site "SchemingMind.com"]
[Date "2008.12.20"]
[Round "-"]
[White "adamsrichg"]
[Black "Brian Acebo"]
[Result "1-0"]
[WhiteCountry "USA"]
[BlackCountry "USA"]
[WhiteElo "1927"]
[WhiteRD "69"]
[BlackElo "1578"]
[BlackRD "71"]
[GameID "184432"]

1. e4 c5 2. Nc3 Nc6 3. f4 g6 4. Nf3 e6 5. Bb5 Nge7 6. O-O Bg7 7. d3 O-O 8. Bxc6 Nxc6 9. Qe1 d6 10. Bd2 a6
11. Qf2 b5 12. Rab1 b4 13. Ne2 a5 14. Ng3 Bb7 15. f5 exf5 16. exf5 Ne5 17. Nxe5 Bxe5 18. Bh6 Bg7 19. Qf4 Bc8 20. Bxg7 Kxg7
21. f6+
1-0

[Event "Turtle Speed # 14"]
[Site "SchemingMind.com"]
[Date "2008.12.22"]
[Round "-"]
[White "Kobiahshi"]
[Black "Brian Acebo"]
[Result "0-1"]
[WhiteCountry "USA"]
[BlackCountry "USA"]
[WhiteElo "1654"]
[WhiteRD "68"]
[BlackElo "1615"]
[BlackRD "67"]
[GameID "184433"]

1. e4 c5 2. Nf3 d6 3. d4 cxd4 4. Nxd4 Nf6 5. Nc3 a6 6. g3 g6 7. Bg2 Bg7 8. Be3 O-O 9. Qd3 e5 10. Nce2 exd4
11. Qxd4 Ng4 12. Qb4 Nxe3 13. fxe3 Nc6 14. Qd2 Bxb2 15. Rb1 Bg7 16. Kf2 Qf6+ 17. Ke1 Qe7 18. Rf1 Rb8 19. h4 b5 20. a3 Bb7
21. Rh1 Nd8 22. Qb4 Nc6 23. Qd2 Ne5 24. Nd4 Nc4 25. Qd3 Ne5 26. Qe2 Nc4 27. h5 Nxa3 28. Rb3 Nc4 29. h6 Bh8 30. Qd3 Ne5
31. Qe2 Nc4 32. Qd3 Rbd8 33. c3 d5 34. Rh4 dxe4 35. Qe2 Qg5 36. Bxe4 Bxe4 37. Rxe4 Qxg3+ 38. Kd1 Qg5 39. Rg4 Qxh6 40. Kc2 Nxe3+
41. Kb2 Nxg4 42. Qxg4 Bxd4 43. cxd4 Qd2+ 44. Ka3 Rxd4 45. Qf3 Ra4#
0-1

[Event "Turtle Speed # 14"]
[Site "SchemingMind.com"]
[Date "2008.12.22"]
[Round "-"]
[White "AycaguerMarcel"]
[Black "Brian Acebo"]
[Result "1-0"]
[WhiteCountry "URU"]
[BlackCountry "USA"]
[WhiteElo "1627"]
[WhiteRD "71"]
[BlackElo "1549"]
[BlackRD "66"]
[GameID "184434"]

1. c4 e5 2. Nc3 Nf6 3. Nd5 c6 4. Nxf6+ Qxf6 5. d3 Bc5 6. Nf3 O-O 7. Bg5 Qe6 8. e3 h6 9. Bh4 d5 10. Rc1 Bb4+
11. Nd2 Nd7 12. a3 Ba5 13. b4 Bc7 14. cxd5 cxd5 15. Rxc7 Qd6 16. Rc2 b5 17. Be2 Bb7 18. Bg3 Qe6 19. O-O a6 20. Qa1 Nf6
21. Rfc1 Rac8 22. Bxe5 Rfe8 23. Bb2 Rxc2 24. Rxc2 Nd7 25. Qc1 Nf8 26. Nf3 Ng6 27. Nd4 Qf6 28. Nxb5 Qb6 29. Nd4 Ne7 30. Bg4 a5
31. b5 Qg6 32. Bd7 Rd8 33. Rc7 Ba8 34. Qc5 Kf8 35. Bc6 Bxc6 36. Nxc6 Re8 37. b6 Kg8 38. Rxe7 Rc8 39. b7 Rxc6 40. b8=Q+
1-0

[Event "Turtle Speed # 14"]
[Site "SchemingMind.com"]
[Date "2008.12.21"]
[Round "-"]
[White "ApolloM"]
[Black "adamsrichg"]
[Result "1-0"]
[WhiteCountry "CZE"]
[BlackCountry "USA"]
[WhiteElo "2124"]
[WhiteRD "97"]
[BlackElo "1927"]
[BlackRD "69"]
[GameID "184676"]

1. e4 c5 2. Nf3 g6 3. Bc4 Bg7 4. c3 e6 5. O-O Nc6 6. d3 Nge7 7. Be3 b6 8. d4 cxd4 9. Nxd4 O-O 10. Nxc6 dxc6
11. Re1 Bb7 12. Qg4 c5 13. Na3 a6 14. Rad1 Qc7 15. Bxe6 fxe6 16. Qxe6+ Rf7 17. Rd7 Bc8 18. Qxf7+
1-0

[Event "Turtle Speed # 14"]
[Site "SchemingMind.com"]
[Date "2008.12.22"]
[Round "-"]
[White "ApolloM"]
[Black "Brian Acebo"]
[Result "1-0"]
[WhiteCountry "CZE"]
[BlackCountry "USA"]
[WhiteElo "2124"]
[WhiteRD "97"]
[BlackElo "1578"]
[BlackRD "71"]
[GameID "184677"]

1. e4 e6 2. d4 d5 3. Nd2 c5 4. exd5 Qxd5 5. Ngf3 cxd4 6. Bc4 Qc5 7. O-O Nf6 8. Qe2 a6 9. Nb3 Qc7 10. Nbxd4 Bc5
11. g3 O-O 12. Bf4 Bd6 13. Bxd6 Qxd6 14. Rad1 b5 15. Nxe6 Qb6 16. Nxf8 Kxf8 17. Rfe1 Bd7 18. Qe7+ Kg8 19. Bxf7+
1-0

[Event "Turtle Speed # 14"]
[Site "SchemingMind.com"]
[Date "2008.12.22"]
[Round "-"]
[White "ApolloM"]
[Black "Kobiahshi"]
[Result "1-0"]
[WhiteCountry "CZE"]
[BlackCountry "USA"]
[WhiteElo "2144"]
[WhiteRD "98"]
[BlackElo "1600"]
[BlackRD "73"]
[GameID "184678"]

1. e4 c5 2. Nf3 Nc6 3. d4 cxd4 4. Nxd4 Nf6 5. Nc3 e6 6. Ndb5 Bb4 7. a3 Bxc3+ 8. Nxc3 d5 9. exd5 exd5 10. Bd3 O-O
11. O-O Qd6 12. h3 Be6 13. Re1 Qd7 14. Bg5 Qd8 15. Qc1 h6 16. Bxh6 gxh6 17. Qxh6 Nd4 18. Re5 Nf5 19. Bxf5 Bxf5 20. Rxf5 Nh7
21. Rh5
1-0

[Event "Turtle Speed # 14"]
[Site "SchemingMind.com"]
[Date "2008.12.22"]
[Round "-"]
[White "adamsrichg"]
[Black "ApolloM"]
[Result "0-1"]
[WhiteCountry "USA"]
[BlackCountry "CZE"]
[WhiteElo "1927"]
[WhiteRD "69"]
[BlackElo "2124"]
[BlackRD "97"]
[GameID "184680"]

1. e4 e6 2. d4 d5 3. Nd2 Nf6 4. e5 Nfd7 5. Bd3 c5 6. c3 Nc6 7. Ne2 cxd4 8. cxd4 f6 9. exf6 Nxf6 10. O-O Bd6
11. Nf3 Qc7 12. Bg5 O-O 13. Bh4 Qb6 14. b3 Bd7 15. Bg3 Ba3 16. Ne5 Rac8 17. Qd2 Nxe5 18. Bxe5 Bb5 19. Nf4 Bxd3 20. Nxd3 Nd7
21. Ne1 Nxe5 22. dxe5 Bb4 23. Qe2 Rf4 24. Nd3 Re4 25. Qb2 Bc3 26. Qc1 Re2 27. Qd1 Rd2 28. Qf3 Bxa1 29. Rxa1 Rf8 30. Qg3 Qd4
0-1

[Event "Turtle Speed # 14"]
[Site "SchemingMind.com"]
[Date "2008.12.22"]
[Round "-"]
[White "Brian Acebo"]
[Black "ApolloM"]
[Result "0-1"]
[WhiteCountry "USA"]
[BlackCountry "CZE"]
[WhiteElo "1549"]
[WhiteRD "66"]
[BlackElo "2144"]
[BlackRD "98"]
[GameID "184681"]

1. d4 Nf6 2. c4 c5 3. Nf3 e6 4. Nc3 cxd4 5. Nxd4 Nc6 6. Nxc6 bxc6 7. e3 d5 8. cxd5 exd5 9. Be2 Bd6 10. O-O O-O
11. b3 Qc7 12. g3 Bh3 13. Re1 h5 14. Bxh5 Bb4 15. Bb2 Qe5 16. Na4 Qxh5 17. Qxh5 Nxh5 18. Bc3 Bxc3 19. Nxc3 Nf6 20. Rac1 Nd7
21. Ne2 Ne5 22. Red1 Rac8 23. Nf4 Bg4 24. Rf1 g5 25. Ng2 Nf3+ 26. Kh1 Kg7 27. Rc2 Bf5 28. Rc3 Rh8 29. h4 Be4 30. Rfc1 Rcg8
31. Rxc6 gxh4 32. gxh4 Nxh4 33. Kg1 Nf3+ 34. Kf1 Bd3#
0-1

[Event "Turtle Speed # 14"]
[Site "SchemingMind.com"]
[Date "2008.12.22"]
[Round "-"]
[White "Kobiahshi"]
[Black "ApolloM"]
[Result "0-1"]
[WhiteCountry "USA"]
[BlackCountry "CZE"]
[WhiteElo "1664"]
[WhiteRD "73"]
[BlackElo "2153"]
[BlackRD "106"]
[GameID "184682"]

1. e4 e6 2. d4 d5 3. Nd2 Nf6 4. e5 Nfd7 5. Bd3 c5 6. c3 Nc6 7. Ne2 cxd4 8. cxd4 Qb6 9. Nb3 Bb4+ 10. Bd2 a5
11. O-O a4 12. Qc2 axb3 13. axb3 Rxa1 14. Rxa1 Bxd2 15. Qxd2 Qxb3 16. Ra8 O-O 17. Nc1 Qb4 18. Qe2 Qxd4 19. Ra2 Nc5 20. Bb1 Qxe5
21. Qd1 b6 22. b4 Nxb4 23. Re2 Qf6 24. Re3 Qb2 25. Nd3 Qd4 26. h3 Ba6 27. Bc2 Bxd3 28. Re2 Ra8 29. Rd2 Ra1 30. Bb1 Ne4
31. Qc1 Qc5 32. Qxc5 Rxb1+ 33. Kh2 bxc5 34. Rxd3 Nxd3 35. f3 c4
0-1

[Event "Turtle Speed # 14"]
[Site "SchemingMind.com"]
[Date "2008.12.24"]
[Round "-"]
[White "Negrito19"]
[Black "adamsrichg"]
[Result "0-1"]
[WhiteCountry "ARG"]
[BlackCountry "USA"]
[WhiteElo "1612"]
[WhiteRD "58"]
[BlackElo "1927"]
[BlackRD "69"]
[GameID "184917"]

1. e4 c5 2. Nf3 g6 3. c4 Nc6 4. g3 Bg7 5. d3 e6 6. Nc3 Nge7 7. Qb3 O-O 8. Bf4 b6 9. Nb5 d5 10. Nc7 Rb8
11. exd5 exd5 12. cxd5 Na5 13. Qb5 Nxd5 14. Nxd5 Qxd5 15. Bxb8 Bd7 16. Qa6 Qxf3 17. Qxa7 Re8+ 18. Kd2 Qxf2+ 19. Kd1 Re1#
0-1

[Event "Turtle Speed # 14"]
[Site "SchemingMind.com"]
[Date "2008.12.25"]
[Round "-"]
[White "Negrito19"]
[Black "Brian Acebo"]
[Result "1-0"]
[WhiteCountry "ARG"]
[BlackCountry "USA"]
[WhiteElo "1640"]
[WhiteRD "63"]
[BlackElo "1549"]
[BlackRD "66"]
[GameID "184918"]

1. e4 c5 2. c4 Nc6 3. Nc3 d6 4. Nf3 g6 5. d3 Bg7 6. Bd2 e6 7. g3 Nge7 8. Qe2 O-O 9. h4 e5 10. Bh3 Bxh3
11. Rxh3 Qd7 12. Rh2 Nb4 13. Rb1 a6 14. a3 Nbc6 15. Nd5 Nxd5 16. cxd5 Ne7 17. h5 b5 18. hxg6 fxg6 19. Ng5 Bf6 20. Nxh7 Rf7
21. Nxf6+ Rxf6 22. Bg5 Rf7 23. Kd2 Rh7 24. Rxh7 Kxh7 25. Rh1+ Kg7 26. f4 Rh8 27. Bf6+ Kxf6 28. Rxh8 Kg7 29. Qh2
1-0

[Event "Turtle Speed # 14"]
[Site "SchemingMind.com"]
[Date "2008.12.24"]
[Round "-"]
[White "Negrito19"]
[Black "Kobiahshi"]
[Result "1/2-1/2"]
[WhiteCountry "ARG"]
[BlackCountry "USA"]
[WhiteElo "1610"]
[WhiteRD "64"]
[BlackElo "1634"]
[BlackRD "64"]
[GameID "184919"]

1. e4 c5 2. Nf3 Nc6 3. Bb5 e6 4. d4 cxd4 5. O-O e5 6. Bxc6 dxc6 7. Nxe5 Be6 8. Bf4 Nf6 9. Re1 Bc5 10. h3 O-O
11. Qf3 Nh5 12. Qxh5 Qb6 13. Bg3 Qxb2 14. Nd2 Qxc2 15. Ndf3 d3 16. Bf4 Qxf2+ 17. Kh1 Rad8 18. Rf1 Qe2 19. Rfe1 Qf2 20. Ng5 h6
21. Rf1 Qe2 22. Ngf3 Qxe4 23. Bd2 Bd6 24. Rae1 Qf5 25. Qxf5 Bxf5 26. Rb1 Bxe5 27. Nxe5 Bc8 28. Bb4 Rfe8 29. Nc4 b6 30. Nd6 Re2
31. Nxf7 Rde8 32. Nd6 Rd8 33. a3 Be6 34. Nf5 Kh7 35. Bc3 d2 36. Nd4 Bc4 37. Rbd1 Re4 38. Nxc6 Rd6 39. Rf2 Rxc6 40. Rfxd2 Bb3
41. Rc1 Rec4 42. Rd3 b5 43. Kh2 a5 44. Rg3 Rg6 45. Re3 b4 46. Bd2 Ba2 47. Rxc4 Bxc4 48. axb4 a4 49. Re7= a3 50. Bc3 a2
51. Rc7 Bd5 52. g3 Kg8 53. Rc8+ Kh7 54. b5 Be6 55. Rb8 Bg8 56. b6 Rc6 57. Bd4 Rc2+ 58. Kg1 Rc1+ 59. Kf2 Rc4 60. Be5 Rc2+
61. Ke3 Rc1 62. Kd2 Rc5 63. Bd4 Be6 64. Bxc5 a1=Q 65. b7 Bd5 66. Rh8+ Kxh8 67. b8=Q+ Bg8 68. Qc8 Qa2+ 69. Ke3 Qe6+= 70. Qxe6 Bxe6
71. h4 g6 72. Bd4+ Kh7 73. Kf4 g5+ 74. hxg5 Kg6 75. gxh6 Kxh6 76. Be3 Kg6 77. g4 Bc8= 78. Bd4 Bd7=
1/2-1/2

[Event "Turtle Speed # 14"]
[Site "SchemingMind.com"]
[Date "2008.12.24"]
[Round "-"]
[White "Negrito19"]
[Black "AycaguerMarcel"]
[Result "1-0"]
[WhiteCountry "ARG"]
[BlackCountry "URU"]
[WhiteElo "1612"]
[WhiteRD "58"]
[BlackElo "1643"]
[BlackRD "69"]
[GameID "184920"]

1. e4 e6 2. c4 d6 3. Nc3 c5 4. Nf3 Nc6 5. g3 g6 6. d3 Bg7 7. Bd2 Nge7 8. Bg2 O-O 9. Qe2 f5 10. O-O Bd7
11. a3 Na5 12. e5 Nb3 13. Rab1 Nxd2 14. Nxd2 Bxe5 15. Bxb7 Rb8 16. Bg2 Nc6 17. Nf3 Nd4 18. Nxd4 Bxd4 19. Nb5 Qb6 20. b4 Bxb5
21. Qxe6+ Kh8 22. bxc5 Qxc5 23. cxb5 Qc2 24. Qxd6 Rbd8 25. Qe7 Bc5 26. Qe5+ Kg8 27. Bd5+ Rxd5 28. Qxd5+
1-0

[Event "Turtle Speed # 14"]
[Site "SchemingMind.com"]
[Date "2008.12.28"]
[Round "-"]
[White "Negrito19"]
[Black "ApolloM"]
[Result "0-1"]
[WhiteCountry "ARG"]
[BlackCountry "CZE"]
[WhiteElo "1612"]
[WhiteRD "58"]
[BlackElo "2124"]
[BlackRD "97"]
[GameID "184921"]

1. e4 e6 2. d4 d5 3. e5 c5 4. c4 Nc6 5. cxd5 Qxd5 6. Nc3 Qxd4 7. Qxd4 Nxd4 8. Bd3 Bd7 9. Be3 Bc6 10. f3 O-O-O
11. Bxd4 cxd4 12. Nb5 Bb4+ 13. Kf2 Bxb5 14. Rc1+ Bc6 15. Be4 Ne7 16. a3 Bd2 17. Rc2 Be3+ 18. Ke2 Kb8 19. Bxc6 d3+ 20. Kxe3 dxc2
21. Ne2 Rd1 22. Ba4 c1=Q+ 23. Nxc1 Rxh1 24. Nd3 Nf5+ 25. Ke4 Rd8 26. Kf4 Rd4+ 27. Kg5 h6+ 28. Kh5 Rxh2#
0-1

[Event "Turtle Speed # 14"]
[Site "SchemingMind.com"]
[Date "2008.12.24"]
[Round "-"]
[White "adamsrichg"]
[Black "Negrito19"]
[Result "1-0"]
[WhiteCountry "USA"]
[BlackCountry "ARG"]
[WhiteElo "1901"]
[WhiteRD "73"]
[BlackElo "1630"]
[BlackRD "61"]
[GameID "184922"]

1. e4 e5 2. Nf3 d6 3. d4 Bg4 4. Be2 Nf6 5. Nc3 exd4 6. Nxd4 Qd7 7. O-O a6 8. Bg5 Bxe2 9. Qxe2 Nc6 10. Rad1 h6
11. Bxf6 gxf6 12. Nd5 Nxd4 13. Rxd4 Bg7 14. b4 O-O-O 15. c4 f5 16. Rd2 Rde8 17. c5 Rxe4 18. Qd1 Kb8 19. cxd6 Qxd6 20. Qc2 Be5
21. g3 Bd4 22. Nc3 Re5 23. Rfd1 Rd8 24. Ne2 Rd5 25. Nxd4 Qxb4 26. Nb3 Rxd2 27. Rxd2 Re8 28. Qd1 Ka7 29. Re2 Rg8 30. Qd4+ Qxd4
31. Nxd4 f4 32. Nf5 h5 33. Re7 fxg3 34. fxg3 Rg5 35. Rxf7 c5 36. Nd6 Rd5 37. Nxb7 Kb6 38. a4 a5 39. Kg2 c4 40. Nxa5 Rxa5
41. Rf6+ Kc7 42. Kf2 Rxa4 43. Ke3 Ra3+ 44. Kd4 c3 45. Rf2 Rb3 46. Rc2 Kd6 47. Kc4 Rb2 48. Kxc3 Rxc2+ 49. Kxc2 Ke5 50. Kd3 Kf5
51. h3 Kg5 52. Ke4 h4 53. g4 Kg6 54. Kf4 Kh6 55. Kf5 Kh7 56. Kg5 Kg7 57. Kxh4 Kg6 58. g5 Kh7 59. Kh5 Kg7 60. g6 Kh8
61. Kh6 Kg8 62. g7 Kf7 63. Kh7 Kf6 64. g8=Q
1-0

[Event "Turtle Speed # 14"]
[Site "SchemingMind.com"]
[Date "2008.12.24"]
[Round "-"]
[White "Brian Acebo"]
[Black "Negrito19"]
[Result "1-0"]
[WhiteCountry "USA"]
[BlackCountry "ARG"]
[WhiteElo "1578"]
[WhiteRD "66"]
[BlackElo "1630"]
[BlackRD "66"]
[GameID "184923"]

1. d4 d5 2. c4 e6 3. Nc3 Nf6 4. Bg5 h6 5. Bf4 dxc4 6. e3 b5 7. Nxb5 Nd5 8. Bg3 c6 9. Nc3 Bb4 10. Qc2 Qa5
11. Ne2 Nd7 12. a3 N7b6 13. Rc1 Bxc3+ 14. Nxc3 Ba6 15. Be2 Rb8 16. O-O Rb7 17. Bd6 Na4 18. Nxa4 Qd8 19. Bc5 Qb8 20. Rb1 Ne7
21. Bxc4 Bb5 22. Bxb5 cxb5 23. Bxe7 Rxe7 24. Qc6+ Kf8 25. Nc5 Kg8 26. b4 Rc7 27. Qe4 Qb6 28. Rfc1 Qc6 29. Qxc6 Rxc6 30. Nd7 Rd6
31. Ne5 g5 32. Rc8+ Kg7 33. Rxh8 f6 34. Rc8 fxe5 35. dxe5 Rd5 36. Rc7+ Kg6 37. Rbc1 Rxe5 38. R7c5 Re4 39. Rxb5 a6 40. Rb6 a5
41. bxa5 Ra4 42. Rxe6+ Kh5 43. a6 Rxa3 44. h3 Ra4 45. Rcc6 g4 46. Rxh6+ Kg5 47. Rcg6+ Kf5 48. Rxg4 Rxg4 49. hxg4+ Kxg4 50. a7 Kg5
51. Rd6 Kf5 52. a8=Q Kg4 53. Qe4+ Kg5 54. Rg6+ Kh5 55. Qg4#
1-0

[Event "Turtle Speed # 14"]
[Site "SchemingMind.com"]
[Date "2008.12.24"]
[Round "-"]
[White "AycaguerMarcel"]
[Black "Negrito19"]
[Result "1/2-1/2"]
[WhiteCountry "URU"]
[BlackCountry "ARG"]
[WhiteElo "1643"]
[WhiteRD "69"]
[BlackElo "1612"]
[BlackRD "58"]
[GameID "184925"]

1. d4 d5 2. Nf3 Nc6 3. Bf4 Bg4 4. e3 Nf6 5. Be2 e6 6. O-O h5 7. h3 Bf5 8. Nbd2 Ne4 9. Rc1 f6 10. Bh2 g5
11. Nxe4 dxe4 12. Nd2 g4 13. h4 Bg6 14. Bc4 Qd7 15. Bb5 a6 16. Ba4 O-O-O 17. c4 Bd6 18. Bxd6 Qxd6 19. g3 f5 20. c5 Qe7
21. Nc4 e5 22. d5 Qxc5 23. Bxc6 bxc6 24. Qa4 Qb5 25. Qxb5 cxb5 26. Nxe5 Be8 27. Rfd1 Kb7 28. Rc2 Rh7 29. a4 Re7 30. Nc6 Bxc6
31. dxc6+ Kc8 32. Rxd8+ Kxd8 33. axb5 axb5 34. Rc5 Rf7 35. b4 Rf6 36. Kf1 Ke7 37. Ke2 Kf7 38. Kd2 Rd6+ 39. Kc2 Ke6 40. Kc3 Rd3+
41. Kc2 Ra3 42. Kd2 Rd3+ 43. Ke2 Rd5 44. Rc3 Ke5 45. Ra3 Rd6 46. Rc3 Kd5 47. Rc5+ Ke6=
1/2-1/2

[Event "Turtle Speed # 14"]
[Site "SchemingMind.com"]
[Date "2008.12.24"]
[Round "-"]
[White "ApolloM"]
[Black "Negrito19"]
[Result "1-0"]
[WhiteCountry "CZE"]
[BlackCountry "ARG"]
[WhiteElo "2124"]
[WhiteRD "97"]
[BlackElo "1612"]
[BlackRD "58"]
[GameID "184926"]

1. e4 e5 2. Nf3 Nc6 3. Bb5 Nge7 4. O-O a6 5. Ba4 d5 6. exd5 Qxd5 7. Nc3 Qe6 8. Re1 b5 9. Bb3 Qg6 10. Nd5 Bh3
11. Nxc7+ Kd8 12. Nh4 Qg5 13. Nxa8 Nf5 14. d4 Qxh4 15. gxh3 Kc8 16. Bd5 Ncxd4 17. c3 Qxh3 18. Bg2 Qh4 19. cxd4 exd4 20. Qc2+ Kd8
21. Qc7#
1-0